Formas de hacer historia
Uloženo v:
| Hlavní autoři: | , , , , , , , , , |
|---|---|
| Médium: | Kniha |
| Jazyk: | španělština |
| Vydáno: |
Madrid, España
Alianza,
2003
|
| Vydání: | Segunda edición; |
| Edice: | Alianza Ensayo;
|
| Témata: | |
| Tagy: |
Přidat tag
Žádné tagy, Buďte první, kdo vytvoří štítek k tomuto záznamu!
|
MARC
| LEADER | 00000nam a2200000 a 4500 | ||
|---|---|---|---|
| 001 | UCZ1300 | ||
| 003 | CL-VaPUC | ||
| 005 | 20231128153920.0 | ||
| 008 | 950817e19930000SP |||||||||||||||||spa|d | ||
| 999 | |c 433041 |d 433039 | ||
| 020 | |a 978-84-206-4156-0 | ||
| 040 | |c Pontificia Universidad Católica de Valparaíso | ||
| 082 | 0 | 4 | |a 907 BUR 2003 |2 21 |
| 100 | |a Burke, Peter |e autor |9 344834 | ||
| 245 | 1 | 0 | |a Formas de hacer historia |
| 250 | |a Segunda edición; | ||
| 250 | |a Primera edición en "Ensayo";2003 | ||
| 260 | |a Madrid, España |b Alianza, |c 2003 | ||
| 300 | |a 352 páginas | ||
| 440 | |a Alianza Ensayo; |n 229 |9 861232 | ||
| 500 | |a Donación VRA-N.Vásquez L. | ||
| 583 | |a last modification |c 19950817 00:00:00 |k Cristina Rojas | ||
| 650 | 0 | |a Historia |9 255047 | |
| 650 | 0 | |a Mujeres |9 257649 | |
| 650 | 0 | |a Historiografía |9 257871 | |
| 650 | 0 | |a Análisis histórico |9 338000 | |
| 650 | 0 | |a Investigación histórica |9 344844 | |
| 650 | 0 | |a Historiadores |9 314498 | |
| 650 | 7 | |a METODO HISTORICO |2 CL-VaPUC |9 335553 | |
| 700 | 0 | |a Darnton, Robert |e author |9 344835 | |
| 700 | 0 | |a Gaskell, Ivan |e author |9 344836 | |
| 700 | 0 | |a Levi, Giovanni |e author |9 344837 | |
| 700 | 0 | |a Porter, Roy |e author |9 344838 | |
| 700 | 0 | |a Prins, Gwyn |e author |9 344839 | |
| 700 | 0 | |a Scott, Jean |e author |9 344840 | |
| 700 | 0 | |a Sharpe, Jim |e author |9 344841 | |
| 700 | |a Tuck, Richard |e author |9 344842 | ||
| 700 | 0 | |a Wesselings, Henk |e author |9 344843 | |
| 942 | |c BK |2 ddc | ||
| 945 | |d 19950817 00:00:00 |a rbrito | ||
| 952 | |0 0 |1 0 |2 ddc |4 0 |6 907_000000000000000_BUR_2003 |7 0 |8 A |9 577999 |a BIBHIS |b BIBHIS |d 2021-06-03 |i 5621763 |l 11 |m 2 |o 907 BUR 2003 |p 5621763 |r 2025-04-24 |s 2025-04-16 |t 1 |w 2021-06-03 |y BK |k HIS | ||